បុរសជីកក្តាម : (Record no. 8550)
[ view plain ]
| 000 -LEADER | |
|---|---|
| fixed length control field | 02175nam a22003017a 4500 |
| 001 - CONTROL NUMBER | |
| control field | 8550 |
| 003 - CONTROL NUMBER IDENTIFIER | |
| control field | FISKH |
| 005 - DATE AND TIME OF LATEST TRANSACTION | |
| control field | 20250929120856.0 |
| 008 - FIXED-LENGTH DATA ELEMENTS--GENERAL INFORMATION | |
| fixed length control field | 250929b cb ||||| |||| 00| 0 eng d |
| 020 ## - INTERNATIONAL STANDARD BOOK NUMBER | |
| International Standard Book Number | 9789995094119 |
| 040 ## - CATALOGING SOURCE | |
| Original cataloging agency | FISKH |
| Language of cataloging | khr |
| Transcribing agency | FISKH |
| Modifying agency | FISKH |
| 050 ## - LIBRARY OF CONGRESS CALL NUMBER | |
| Classification number | PZ7 |
| 100 ## - MAIN ENTRY--PERSONAL NAME | |
| Personal name | Sotheary, Kimsun |
| 245 ## - TITLE STATEMENT | |
| Title | បុរសជីកក្តាម : |
| Remainder of title | The crabber / |
| Statement of responsibility, etc. | រៀបរៀងដោយ អ្នកស្រី គឹមស៊ុន សុធារី , វិចិត្រកររូបភាពដោយ លោក ថា រ៉ាប៊ី |
| 260 ## - PUBLICATION, DISTRIBUTION, ETC. | |
| Place of publication, distribution, etc. | Phnom Penh : |
| Name of publisher, distributor, etc. | Reading Books , |
| Date of publication, distribution, etc. | 2008. |
| 300 ## - PHYSICAL DESCRIPTION | |
| Extent | 24 pages : |
| Other physical details | color illustrations ; |
| Dimensions | 25 cm . |
| 490 ## - SERIES STATEMENT | |
| Series statement | ពិភពជីកក្តាម |
| 505 ## - FORMATTED CONTENTS NOTE | |
| Formatted contents note | M <br/> |
| 520 ## - SUMMARY, ETC. | |
| Summary, etc. | មានបុរសក្រីក្រម្នាក់រកសុីចិញ្ចឺមជីវិតដោយការជីកក្តាម ។ គាត់យកក្តាមទៅលក់នៅផ្សារក៏បានេជួបនឹងនាងពៅដែលជារបស់សេដ្ឋី ។ នាងក៏បានចាប់ចិត្តស្រលាញ់បុរសនោះ។ ពួកគេក៏បានរស់នៅជាមួយគ្នា ហើយខំរកសុីរហូតមានប្រាក់ច្រើន ក៏បានទៅរស់នៅជាមួយឪពុកម្តាយនាងពៅដែលជាសេដ្ឋីនោះវិញ |
| 520 ## - SUMMARY, ETC. | |
| Summary, etc. | There was a poor man who made a living by catching crabs. He sold the crabs at the market, where he met a young woman named Pov, the daughter of a wealthy family. She fell in love with him, and they eventually lived together. They worked hard to earn a living and gradually became wealthy. Later, they went to live with Pov's parents, who were rich. |
| 521 8# - TARGET AUDIENCE NOTE | |
| Target audience note | 550 <br/> |
| Source | Lexile estimate <br/> |
| 521 8# - TARGET AUDIENCE NOTE | |
| Target audience note | M <br/> |
| Source | Raz-Plus <br/> |
| 650 ## - SUBJECT ADDED ENTRY--TOPICAL TERM | |
| Topical term or geographic name entry element | បុរសជីក្តាម |
| Form subdivision | រឿងនិទានកុមារ |
| 650 ## - SUBJECT ADDED ENTRY--TOPICAL TERM | |
| Topical term or geographic name entry element | The crabber |
| Form subdivision | Children's stories |
| 700 ## - ADDED ENTRY--PERSONAL NAME | |
| Personal name | Ra B , Tha |
| Relator term | Illustrator |
| 942 ## - ADDED ENTRY ELEMENTS (KOHA) | |
| Source of classification or shelving scheme | Dewey Decimal Classification |
| Koha item type | Khmer Books |
| Suppress in OPAC | No |
| Withdrawn status | Lost status | Source of classification or shelving scheme | Damaged status | Not for loan | Collection | Home library | Current library | Shelving location | Date acquired | Total Checkouts | Full call number | Barcode | Date last seen | Copy number | Price effective from | Koha item type |
|---|---|---|---|---|---|---|---|---|---|---|---|---|---|---|---|---|
| Dewey Decimal Classification | Khmer-English Bilingual / ភាសាខ្មែរ-អង់គ្លេស | Footprints International School Library Network Toul Tom Poung Campus | Footprints International School Library Network Toul Tom Poung Campus | TTP Primary Khmer Bookshelves | 09/29/2025 | KIM PZ7 | FIS04212 | 09/29/2025 | 1 | 09/29/2025 | Khmer Books | |||||
| Dewey Decimal Classification | Khmer-English Bilingual / ភាសាខ្មែរ-អង់គ្លេស | Footprints International School Library Network Toul Tom Poung Campus | Footprints International School Library Network Toul Tom Poung Campus | TTP Primary Khmer Bookshelves | 11/11/2025 | KIM PZ7 | FIS04141 | 11/11/2025 | 2 | 11/11/2025 | Khmer Books | |||||
| Dewey Decimal Classification | Khmer-English Bilingual / ភាសាខ្មែរ-អង់គ្លេស | Footprints International School Library Network Toul Tom Poung Campus | Footprints International School Library Network Toul Tom Poung Campus | TTP Primary Khmer Bookshelves | 11/11/2025 | KIM PZ7 | FIS04062 | 11/11/2025 | 3 | 11/11/2025 | Khmer Books |
